000 02195nam1a2200325 i 4500
001 RU\NLR\bibl\1807525
005 20240921050708.0
035 _a(NLR Aleph) 001798165
090 _a1787326
_c1787326
100 _a20110907d2010 u y0rusy50 ca
101 0 _arus
102 _aRU
105 _a||||z |||||
200 1 _aОборудование и основы проектирования систем охраны окружающей среды
_eучебное пособие для студентов, обучающихся по направлению подготовки бакалавров 280200.62 "Защита окружающей среды" и по специальности 280201.65 "Охрана окружающей среды и рациональное использование природных ресурсов"
_e[в 2 ч.]
_fВ.Т. Новиков
_gМ-во образования и науки Рос. Федерации, Гос. образоват. учреждение высш. проф. образования "Нац. исслед. Том. политехн. ун-т"
210 _aТомск
_cИзд-во Томского политехнического университета
_d2010
215 _d20
313 _aочистка газ. выбросов
463 0 _10011804547
463 0 _10011804098
606 1 _aОтходящие газы
_jУчебные издания для высших учебных заведений
_xОчистка
_xАппараты и приборы
_92177725
_3RU\NLR\auth\661309726
606 1 _aВентиляционное оборудование
_jУчебные издания для высших учебных заведений
_91224591
_3RU\NLR\auth\66180452
606 1 _aВентиляционные системы
_jУчебные издания для высших учебных заведений
_92205138
_3RU\NLR\auth\661324900
686 _aН932я73-1
686 _aН762.2я73-1
700 1 _aНовиков
_bВ. Т.
_gВиктор Тимофеевич
_4070
801 0 _aRU
_bNLR
_c20110907
_gRCR
801 1 _aRU
_bNLR
_c20110907
852 _aNLR
_j2011-3/26610
942 _cBOOK